<?xml version="1.0" encoding="UTF-8"?>
<record
    xmlns:xsi="http://www.w3.org/2001/XMLSchema-instance"
    xsi:schemaLocation="http://www.loc.gov/MARC21/slim http://www.loc.gov/standards/marcxml/schema/MARC21slim.xsd"
    xmlns="http://www.loc.gov/MARC21/slim">

  <leader>02425pam a22004691i 4500</leader>
  <controlfield tag="001">991014729089707026</controlfield>
  <controlfield tag="003">UkOxU</controlfield>
  <controlfield tag="005">20250904161645.0</controlfield>
  <controlfield tag="006">m    ||  d |      </controlfield>
  <controlfield tag="007">cr |||||||||||</controlfield>
  <controlfield tag="008">210709t20212021enka    ob    001|0|eng|d</controlfield>
  <datafield tag="015" ind1=" " ind2=" ">
    <subfield code="a">GBC1B2815</subfield>
    <subfield code="2">bnb</subfield>
  </datafield>
  <datafield tag="020" ind1=" " ind2=" ">
    <subfield code="a">9781292215211</subfield>
    <subfield code="q">(print version)</subfield>
  </datafield>
  <datafield tag="020" ind1=" " ind2=" ">
    <subfield code="a">9781292363042 </subfield>
  </datafield>
  <datafield tag="035" ind1=" " ind2=" ">
    <subfield code="a">022628718-44oxf_inst</subfield>
  </datafield>
  <datafield tag="035" ind1=" " ind2=" ">
    <subfield code="a">(UkOxU)022628718</subfield>
  </datafield>
  <datafield tag="035" ind1=" " ind2=" ">
    <subfield code="a">(Uk)020259951</subfield>
  </datafield>
  <datafield tag="037" ind1=" " ind2=" ">
    <subfield code="a">9781292363042</subfield>
    <subfield code="b">Pearson UK</subfield>
  </datafield>
  <datafield tag="040" ind1=" " ind2=" ">
    <subfield code="a">StDuBDS</subfield>
    <subfield code="b">eng</subfield>
    <subfield code="e">rda</subfield>
    <subfield code="e">pn</subfield>
    <subfield code="c">StDuBDS</subfield>
    <subfield code="d">Uk</subfield>
  </datafield>
  <datafield tag="041" ind1=" " ind2=" ">
    <subfield code="a">English</subfield>
  </datafield>
  <datafield tag="042" ind1=" " ind2=" ">
    <subfield code="a">ukblsr</subfield>
  </datafield>
  <datafield tag="100" ind1=" " ind2=" ">
    <subfield code="a">Moffett, Michael H.</subfield>
    <subfield code="e">author.</subfield>
    <subfield code="9">23870</subfield>
  </datafield>
  <datafield tag="245" ind1="1" ind2="0">
    <subfield code="a">Fundamentals of multinational finance </subfield>
    <subfield code="c">/ Michael H. Moffett, Arthur I. Stonehill, David K. Eiteman.</subfield>
  </datafield>
  <datafield tag="250" ind1=" " ind2=" ">
    <subfield code="a">Sixth edition.</subfield>
  </datafield>
  <datafield tag="250" ind1=" " ind2=" ">
    <subfield code="a">Global edition.</subfield>
  </datafield>
  <datafield tag="264" ind1=" " ind2="1">
    <subfield code="a">Harlow, England :</subfield>
    <subfield code="b">Pearson,</subfield>
    <subfield code="c">[2021].</subfield>
  </datafield>
  <datafield tag="300" ind1=" " ind2=" ">
    <subfield code="a">1 online resource (599 pages) :</subfield>
    <subfield code="b">illustrations (colour).</subfield>
  </datafield>
  <datafield tag="338" ind1=" " ind2=" ">
    <subfield code="a">online resource</subfield>
    <subfield code="2">rdacarrier</subfield>
  </datafield>
  <datafield tag="500" ind1=" " ind2=" ">
    <subfield code="a">This edition also issued in print: 2021.</subfield>
  </datafield>
  <datafield tag="500" ind1=" " ind2=" ">
    <subfield code="a">"Authorized adaptation from the United States edition, entitled Fundamentals of Multinational Finance, 6th Edition, ISBN 978-0-13-447213-3 by Michael H. Moffett, Arthur I. Stonehill, and David K. Eiteman, published by Pearson Education &#x266D;2019" -- Title page verso.</subfield>
  </datafield>
  <datafield tag="504" ind1=" " ind2=" ">
    <subfield code="a">Includes bibliographical references and index.</subfield>
  </datafield>
  <datafield tag="520" ind1=" " ind2=" ">
    <subfield code="a">Enable your students to think about global markets professionally with this text. Fundamentals of Multinational Finance helps prepare your students to comprehend global markets and lead organizations through a constantly changing global environment with real-life examples to help them apply their learning. Excellent for undergraduate level study.</subfield>
  </datafield>
  <datafield tag="540" ind1=" " ind2=" ">
    <subfield code="a">Restricted: Printing from this resource is governed by The Legal Deposit Libraries (Non-Print Works) Regulations (UK) and UK copyright law currently in force.</subfield>
    <subfield code="5">UkOxU</subfield>
  </datafield>
  <datafield tag="588" ind1=" " ind2=" ">
    <subfield code="a">Description based on online resource; title from PDF title page (viewed on July 9, 2021).</subfield>
  </datafield>
  <datafield tag="650" ind1=" " ind2="0">
    <subfield code="a">International business enterprises </subfield>
    <subfield code="x">Finance</subfield>
    <subfield code="9">6671</subfield>
  </datafield>
  <datafield tag="650" ind1=" " ind2="0">
    <subfield code="a">International finance.</subfield>
    <subfield code="9">496</subfield>
  </datafield>
  <datafield tag="700" ind1=" " ind2="0">
    <subfield code="a">Stonehill, Arthur I.</subfield>
    <subfield code="e">author.</subfield>
    <subfield code="9">23869</subfield>
  </datafield>
  <datafield tag="700" ind1=" " ind2=" ">
    <subfield code="a">Eiteman, David K.</subfield>
    <subfield code="e">author.</subfield>
    <subfield code="9">23868</subfield>
  </datafield>
  <datafield tag="856" ind1=" " ind2=" ">
    <subfield code="u">https://bibliotheque.tbs-education.fr/Default/doc/SYRACUSE/3386320/fundamentals-of-multinational-finance</subfield>
  </datafield>
  <datafield tag="942" ind1=" " ind2=" ">
    <subfield code="2">lcc</subfield>
  </datafield>
  <datafield tag="952" ind1=" " ind2=" ">
    <subfield code="0">0</subfield>
    <subfield code="1">0</subfield>
    <subfield code="2">ddc</subfield>
    <subfield code="4">0</subfield>
    <subfield code="7">0</subfield>
    <subfield code="a">TBS</subfield>
    <subfield code="b">TBS</subfield>
    <subfield code="d">2025-09-04</subfield>
    <subfield code="l">0</subfield>
    <subfield code="r">2025-09-04</subfield>
    <subfield code="t">1</subfield>
    <subfield code="u">https://bibliotheque.tbs-education.fr/Default/doc/SYRACUSE/3386320/fundamentals-of-multinational-finance</subfield>
    <subfield code="w">2025-09-04</subfield>
    <subfield code="y">EBOOK</subfield>
  </datafield>
  <datafield tag="999" ind1=" " ind2=" ">
    <subfield code="c">4904</subfield>
    <subfield code="d">4904</subfield>
  </datafield>
</record>
